A solitary blue (Record no. 263480)
[ view plain ]
| 000 -LEADER | |
|---|---|
| fixed length control field | 00213nam a22000977a 4500 |
| 020 ## - INTERNATIONAL STANDARD BOOK NUMBER | |
| ISBN | 0590471570 |
| 100 ## - MAIN ENTRY--AUTHOR NAME | |
| Personal name | Cynthia Voigt. |
| 245 ## - TITLE STATEMENT | |
| Title | A solitary blue |
| 260 ## - PUBLICATION, DISTRIBUTION, ETC. (IMPRINT) | |
| Place of publication | New York |
| Name of publisher | Atheneum |
| Year of publication | 1983. |
| 942 ## - ADDED ENTRY ELEMENTS (KOHA) | |
| Koha item type | Long Loan Books |
| Withdrawn status | Lost status | Collection code | Home library | Current library | Shelving location | Date acquired | Accession Number | Koha item type |
|---|---|---|---|---|---|---|---|---|
| Fiction | Rongo University Library | Rongo University Library | Children's Area | 16/04/2024 | CL20211301 | Long Loan Books |
